02659nam a2200265uu 4500001000800000005001700008008004100025035001200066040001300078041000800091100004600099245011400145260003500259300001500294520182300309650004202132650002902174650003302203700005402236700005402290942001302344999001902357502001002376526000702386157436220260213224155.0220804s2022 ||||||m| spa  a1574362 ccomduadb aspa10aCano García , Daniela4auteaut980806210aEstado del Arte sobre la Revisoría fiscal en Colombia y su problemática desde el 2008 hasta la actualidad aMedellín :bAutor(a),c2022. a20 Paginas3 aRESUMEN: El objetivo de este estado del arte es relacionar los trabajos de grado de los estudiantes de contaduría Pública en la línea de Revisoría Fiscal de la Universidad de Antioquia, con el fin de comprender y analizar los avances que se han generado en la academia en esta línea en los últimos 20 años, por medio de un estado del arte. Para cumplir este objetivo se realizó una revisión sistemática de la literatura en los trabajos de grado y literatura complementaria que permitió ampliar y definir los conceptos más importantes identificados en ellos, adicionalmente se hizo un análisis bibliométrico de los Trabajos de grados, con el propósito de entender el contexto en que estos se realizaron. Entre los resultados se presenta la identificación de los temas más comunes o más recurrentes en los escritos, los cuales llamaremos descriptores y son la ética e independencia, la práctica profesional y el interés público, siendo éstos ítem de gran importancia en la práctica contable y sobre todo en la línea de Revisoría Fiscal que impacta fuertemente su desempeño profesional. Por otra parte, se puede revisar el avance que ha tenido la Revisoría fiscal, no solo en la literatura, sino también en la práctica. Por medio de este estado del arte se puede tener una visión más completa de la forma en la que es percibido el profesional contable desde otros países y el impacto que genera en la sociedad los resultados que se obtienen de su labor, finalmente se encuentran similitudes de algunas figuras en el exterior que de acuerdo a sus funciones se puede relacionar con el Revisor fiscal en Colombia el cual permite comparar los profesionales, sus responsabilidades y funciones con los demás y así complementar el ideal del Revisor fiscal. aÉtica del contador público929852 aRevisoría fiscal96143 7aEstado del arte2lemb92243210aSepúlveda Silva, Paula Gisela4auteaut980077010aGuevara Sanabria, Jaime Alberto4thseths9429855 cTESISn0 c845337d845337 b60c9 a60